PARLE '94 Parallel Architectures and Languages Europe : 6th international PARLE Conference Athens, Greece, July 4-8, 1994 Proceedings

Αποθηκεύτηκε σε:
Λεπτομέρειες βιβλιογραφικής εγγραφής
Συγγραφή απο Οργανισμό/Αρχή: International PARLE Conference Αθήνα
Άλλοι συγγραφείς: Χαλάτσης, Κώστας (Επιμελητής έκδοσης), Μαρίτσας, Δημήτριος (Επιμελητής έκδοσης), Φιλοκύπρου, Γιώργος (Επιμελητής έκδοσης)
Μορφή: Πρακτικό Συνεδρίου Βιβλίο
Γλώσσα:English
Δημοσίευση: Berlin : Springer-Verlag, 1994.
Σειρά:Lecture notes in computer science ; 817
Θέματα:
Ετικέτες: Προσθήκη ετικέτας
Δεν υπάρχουν, Καταχωρήστε ετικέτα πρώτοι!

MARC

LEADER 00000cam a2200000 i 4500
001 1/37170
008 941122s1994####-ge| ||| |||| ||eng||
020 |a 3540581847 
035 |a 1994  |l 10040437 
040 |a GR-MyUA  |b gre  |e AACR2 
041 0 |a eng 
082 0 |a 004.35  
111 0 |a International PARLE Conference  |n 6th  |d July 4-8, 1994  |c Αθήνα. 
245 1 0 |a PARLE '94 Parallel Architectures and Languages Europe :   |b 6th international PARLE Conference Athens, Greece, July 4-8, 1994 Proceedings /   |c C.Halatsis...[κ.α.] editors.  
260 |a Berlin :   |b Springer-Verlag,   |c 1994.  
300 |a 836 σ. ;   |c 24 εκ.  
490 1 |a (Lecture notes in computer science)  
504 |a Περιέχει βιβλιογραφικές αναφορές και ευρετήριο.  
650 0 0 |a Parallel processing (Electronic computers)  |x Congresses. 
650 0 0 |a Computer architecture  |x Congresses. 
700 1 |a Χαλάτσης, Κώστας,  |e edt 
700 1 |a Μαρίτσας, Δημήτριος,  |e edt 
700 1 |a Φιλοκύπρου, Γιώργος,  |e edt 
830 0 |a Lecture notes in computer science ;  |v  817 
852 |a INST  |b SAMOS  |e 19941122  |h 004.35 ΙΝΤ  |p 005300004240  |q 005300004240  |t BK  |y 0 
909 |a Σ  |b 035861